Music Quiz

Random Music or Artist Quiz

Lady Gaga & Michael Jackson Quiz Stats

Quiz not verified by Sporcle

Challenge
Share
Tweet
Embed
Score 0/18 Timer 02:00
0 Plays Today
Word Artist % Correct
BADBad
99%
BADBad Romance
88.5%
DANCEJust Dance
81.7%
SPEECHLESSSpeechless
76.9%
SPEECHLESSSpeechless
76.9%
DIRTYDirty Diana
74%
WAYBorn This Way
67.3%
NIGHTMarry the Night
59.6%
WAYThe Way You Make Me Feel
52.9%
Word Artist % Correct
DIRTYBeautiful, Dirty, Rich
42.3%
OFThe Edge of Glory
36.5%
ANDYoü and I
33.7%
ROADHighway Unicorn (Road To Love)
26.9%
DANCEBlood on the Dance Floor
20.2%
ANDLove Is Here And Now You're Gone
20.2%
NIGHTNight Time Lover
15.4%
ROADEase on Down the Road
12.5%
OFShe's Out of My Life
6.7%

You're not logged in!

Compare scores with friends on all Sporcle quizzes.
Join for Free
OR
Log In

You Might Also Like...

Show Comments

Extras

Top Quizzes Today


Score Distribution

Your Account Isn't Verified!

In order to create a playlist on Sporcle, you need to verify the email address you used during registration. Go to your Sporcle Settings to finish the process.

Report this User

Report this user for behavior that violates our Community Guidelines.

Details: